Návrh revitalizácie priestoru Jakubovho námestia, Bratislava, MČ Staré mesto.

Gespeichert in:
Bibliographische Detailangaben
1. Verfasser: Demovičová, Zuzana (Verfasst von)
Weitere Verfasser: Putrová, Eva, 1953- (Betreuung Doktorarbeit)
Format: Manuskript Buch
Sprache:Slowakisch
Veröffentlicht: Bratislava 2015
Schlagworte:
Online-Zugang:http://is.stuba.sk/zp/portal_zp.pl?podrobnosti=102994
Tags: Tag hinzufügen
Keine Tags, Fügen Sie das erste Tag hinzu!

MARC

LEADER 00000ntm a22000003a 4500
001 stuzp52581
003 SK-STU
005 20210302065214.6
007 ta
008 150427s2015----xo-----f-mn---000-0-slo-d
040 |a STU  |b slo 
041 0 |a slo 
100 1 |a Demovičová, Zuzana  |u 057170  |4 aut  |U FAD Fakulta architektúry  |T FA Ústav krajinnej a záhradnej architektúry  |X 70410  |U A7170  |Y 398  |7 70410 
242 0 1 |a Revitalisation of the Jakub’s square  |y eng 
245 1 0 |a Návrh revitalizácie priestoru Jakubovho námestia, Bratislava, MČ Staré mesto. 
260 |c 2015  |a Bratislava 
650 4 |a námestie  |2 slo 
650 4 |a verejný priestor  |2 slo 
650 4 |a spolčenský priestor  |2 slo 
650 4 |a square  |2 eng 
650 4 |a public space  |2 eng 
650 4 |a social space  |2 eng 
700 1 |a Putrová, Eva,  |d 1953-  |4 ths  |X 452  |7 A000000452 
856 4 |u http://is.stuba.sk/zp/portal_zp.pl?podrobnosti=102994  |u https://opac.crzp.sk/?fn=detailBiblioForm&sid=367CD704F5D5570C76EFF9DE3652 
SQL |a stuzp52581  |b DBP  |c SLO  |d Návrh revitalizácie priestoru Jakubovho námestia, Bratislava, MČ Staré mesto.  |e 70410  |f Demovičová, Zuzana  |g 057170  |h 452  |i Putrová, Eva  |j 20150611  |k 151  |l 05  |m http://is.stuba.sk/zp/portal_zp.pl?podrobnosti=102994  |n B-KAKP  |o 6.1.17. krajinná a záhradná architektúra